C# 2005 Tập 5 Lập trình ASP.Net 2.0 : Quyển 3: Điều khiển kết nối cơ sở dữ liệu

Nội dung quyển sách này giới thiệu về điều khiển kêt nối cở sở dữ liệu, làm việc với trình điều khiển trình chủ GridView, DetailsView, FormView, sự kết hợp giữa GridView và điều khiển ASP.Net, điều khiển Datalist và reapeater...

Полное описание

Сохранить в:
Библиографические подробности
Главный автор: Phạm Hữu Khang (Chủ biên)
Другие авторы: Đoàn Thiện Ngân (Hiệu đính)
Формат:
Язык:Vietnamese
Опубликовано: H. Lao động xã hội 2007
Предметы:
Метки: Добавить метку
Нет меток, Требуется 1-ая метка записи!
Thư viện lưu trữ: Thư viện Trường Đại học Nam Cần Thơ
LEADER 01650nam a22002297a 4500
001 NCT_46354
008 180713b xxu||||| |||| 00| 0 vie d
999 |c 2218  |d 2218 
020 |c 89000 
082 0 4 |2 23rd ed.  |a 005.133  |b Kh106/T.5-Q.3 
100 1 |a Phạm Hữu Khang  |e Chủ biên 
245 1 0 |a C# 2005  |n Tập 5  |p  Lập trình ASP.Net 2.0 : Quyển 3: Điều khiển kết nối cơ sở dữ liệu  |c Phạm Hữu Khang (chủ biên), Đoàn Thiện Ngân (hiệu đính) 
260 |a H.  |b Lao động xã hội  |c 2007 
300 |a 355 tr.  |b minh họa  |c 24cm 
520 3 |a Nội dung quyển sách này giới thiệu về điều khiển kêt nối cở sở dữ liệu, làm việc với trình điều khiển trình chủ GridView, DetailsView, FormView, sự kết hợp giữa GridView và điều khiển ASP.Net, điều khiển Datalist và reapeater 
653 |a công nghệ thông tin 
700 1 0 |a Đoàn Thiện Ngân   |e Hiệu đính 
942 |2 ddc  |c BK 
952 |0 0  |1 0  |2 ddc  |4 0  |6 005_133000000000000_KH106_T_5Q_3  |7 0  |9 12672  |a 000001  |b 000001  |d 2018-07-13  |o 005.133 Kh106/T.5-Q.3  |p MD.02296  |r 2018-07-13  |v 89000.00  |w 2018-07-13  |y BK 
952 |0 0  |1 0  |2 ddc  |4 0  |6 005_133000000000000_KH106_T_5Q_3  |7 0  |9 12673  |a 000001  |b 000001  |d 2018-07-13  |o 005.133 Kh106/T.5-Q.3  |p MD.02297  |r 2018-07-13  |v 89000.00  |w 2018-07-13  |y BK 
952 |0 0  |1 0  |2 ddc  |4 0  |6 005_133000000000000_KH106_T_5Q_3  |7 0  |9 12674  |a 000001  |b 000001  |d 2018-07-13  |o 005.133 Kh106/T.5-Q.3  |p MD.02300  |r 2018-07-13  |v 89000.00  |w 2018-07-13  |y BK 
980 |a Thư viện Trường Đại học Nam Cần Thơ